000 00401nam a2200145Ia 4500
008 210716s1999 xx 000 0 und d
020 _a0875849113
041 _aeng
082 _a658.4038 TAPD
100 _aTapscott, Don.
245 _aCreating value in the network economy.
260 _aUSA
_bHarvard Business Review Book
_c1999
300 _axxvi,229
650 _aManagement Information Systems
999 _c199551
_d199551